| 000 | 01298cam a22002174a 4500 | ||
|---|---|---|---|
| 005 | 20250605164033.0 | ||
| 008 | 250528s ||||||||||||||||||||||||d | ||
| 035 | _a16707 | ||
| 020 | _a273686992 | ||
| 040 |
_aGR-AtMCL _bgre _dGR-AtMCL _eAACR2 |
||
| 245 | 1 | _aSocial Psychology / Fourth Edition | |
| 250 | _a4th | ||
| 260 |
_bPearson - Prentice Hall, _c2005 |
||
| 300 | _a770 | ||
| 520 | _aThis book provides an accessible and stimulating introduction to the field. Fully revised and updated to reflect recent research, it consolidates European and North American perspectives to provide coverage of social psychology that meets the needs of undergraduate students. Preface, Publisher's Acknowledgements, Guided Tour, Web Tour, Introducing Social Psychology, Social Cognition and Social Thinking, Attribution and Social Knowledge, Self and Identity, Attitudes, Persuasion and Attitude Change, Social Influence, People in Groups, Leadership and Decision Making, Prejudice and Discrimination, Intergroup Behavior, Aggression, Affiliation and Attraction and Love, Prosocial Behavior, Language and Communication, Culture, Glossary, References, Author and Subject Index. | ||
| 700 | 1 |
_aHogg Michael A _9540 |
|
| 700 | 1 |
_aVaughan Graham M _9541 |
|
| 942 | _cBK | ||
| 999 |
_c2180 _d2180 |
||